[Event "DVM U14w 2020"]
[Site "Willingen GER"]
[Date "2021.06.25"]
[Round "3"]
[White "Nguyen, Jenny Ha-Linh"]
[Black "Kanno, Clara Yumi"]
[Result "1-0"]
[Termination "normal"]
[Board "9.1"]
[WhiteElo "1368"]
[BlackElo "1093"]
[WhiteTeam "Schachgemeinschaft Leipzig"]
[BlackTeam "Schachfreunde Essen-Werden"]
[PlyCount "81"]
[WhiteFideId "16209729"]
[BlackFideId "16259661"]
[EventCountry "GER"]
[EventRounds "7"]
[EventType "team-swiss"]
[EventDate "2021.06.23"]

1. e4 c5 2. c3 d6 3. d4 cxd4 4. cxd4 Nc6 5. Nc3 e6 6. Nf3 Nf6 7. Bb5 a6 8. Ba4
b5 9. Bc2 Bb7 10. a3 Qc7 11. O-O Be7 12. Re1 O-O 13. e5 dxe5 14. dxe5 Nd7 15.
Qd3 g6 16. Bf4 b4 17. axb4 Nxb4 18. Qe2 Bxf3 19. gxf3 Rfd8 20. Be4 Rac8 21.
Rac1 Qb8 22. Bb1 Bf8 23. Rcd1 Nb6 24. Be3 Bg7 25. f4 Nc4 26. Rxd8+ Rxd8 27.
Qxc4 Bf8 28. Rd1 Rxd1+ 29. Nxd1 Qd8 30. Nc3 Qh4 31. Qe2 Bh6 32. Qf3 Qd8 33. Qe4
a5 34. Bc5 Na6 35. Bd6 Qb6 36. Na4 Qb3 37. Qa8+ Nb8 38. Qxb8+ Qxb8 39. Bxb8
Bxf4 40. Nc5 Kf8 41. Nd3 1-0

[Event "DVM U14w 2020"]
[Site "Willingen GER"]
[Date "2021.06.25"]
[Round "3"]
[White "Symanski, Linda"]
[Black "Halas, Neele Zoe"]
[Result "0-1"]
[Termination "normal"]
[Board "9.2"]
[WhiteElo "1012"]
[BlackElo "1267"]
[WhiteTeam "Schachfreunde Essen-Werden"]
[BlackTeam "Schachgemeinschaft Leipzig"]
[PlyCount "60"]
[WhiteFideId "16284534"]
[BlackFideId "16287282"]
[EventCountry "GER"]
[EventRounds "7"]
[EventType "team-swiss"]
[EventDate "2021.06.23"]

1. d4 d5 2. c4 e6 3. Nc3 Nf6 4. Bg5 Be7 5. e3 Nbd7 6. Nf3 c6 7. Be2 O-O 8. O-O
b6 9. Re1 Bb7 10. a3 c5 11. Rb1 Rc8 12. Bxf6 Nxf6 13. Qc2 dxc4 14. Bxc4 Bxf3
15. gxf3 cxd4 16. Ba6 Rc7 17. Rbd1 Qa8 18. Rxd4 Qxf3 19. Rh4 h6 20. Be2 Qc6 21.
Qb3 Nd5 22. Rc4 Bc5 23. Bf3 Rd8 24. Rd1 Rcd7 25. a4 Qc8 26. Nxd5 exd5 27. Rc2
Qc6 28. Qa2 Qg6+ 29. Kh1 Qxc2 30. Rg1 Qxf2 0-1

[Event "DVM U14w 2020"]
[Site "Willingen GER"]
[Date "2021.06.25"]
[Round "3"]
[White "Bacakova, Klara"]
[Black "Claussen, Daniela"]
[Result "0-1"]
[Termination "normal"]
[Board "9.3"]
[WhiteElo "1173"]
[BlackElo "992"]
[WhiteTeam "Schachgemeinschaft Leipzig"]
[BlackTeam "Schachfreunde Essen-Werden"]
[PlyCount "99"]
[WhiteFideId "34605762"]
[BlackFideId "16248929"]
[EventCountry "GER"]
[EventRounds "7"]
[EventType "team-swiss"]
[EventDate "2021.06.23"]

1. d4 e6 2. e4 b6 3. Nf3 Bb7 4. Nc3 Bb4 5. a3 Bxc3+ 6. bxc3 Bxe4 7. Bd3 Bb7 8.
O-O Nf6 9. Bg5 O-O 10. Ne5 h6 11. Bh4 d6 12. Ng4 Nbd7 13. Nxf6+ Nxf6 14. Re1
Qd7 15. Bxf6 gxf6 16. Qg4+ Kh8 17. Qh5 f5 18. Qxh6+ Kg8 19. Re3 f6 20. Qg6+ Qg7
21. Qxg7+ Kxg7 22. Rg3+ Kf7 23. Re1 Rg8 24. Rxg8 Rxg8 25. f3 Bxf3 26. g3 e5 27.
Bxf5 Ke7 28. dxe5 fxe5 29. Rf1 Bd5 30. Rd1 Rf8 31. Rxd5 Rxf5 32. g4 Rf4 33. h3
Ra4 34. h4 Rxg4+ 35. Kf2 Rxh4 36. Kg3 Ra4 37. Rd3 Rxa3 38. Kf3 Ke6 39. Ke4 a5
40. Re3 a4 41. Kd3 Kd5 42. Kd2 Ra1 43. Rd3+ Kc4 44. Rg3 a3 45. Rg4+ Kb5 46.
Rb4+ Ka5 47. Rc4 c5 48. Kd3 a2 49. Rg4 Rd1+ 50. Ke4 0-1

[Event "DVM U14w 2020"]
[Site "Willingen GER"]
[Date "2021.06.25"]
[Round "3"]
[White "Blume, Louisa"]
[Black "Amelang, Jamie Alice"]
[Result "0-1"]
[Termination "normal"]
[Board "9.4"]
[WhiteElo "798"]
[BlackElo "919"]
[WhiteTeam "Schachfreunde Essen-Werden"]
[BlackTeam "Schachgemeinschaft Leipzig"]
[PlyCount "148"]
[WhiteFideId "34605746"]
[BlackFideId "34605754"]
[EventCountry "GER"]
[EventRounds "7"]
[EventType "team-swiss"]
[EventDate "2021.06.23"]

1. d4 e6 2. e3 d5 3. Bd3 Nf6 4. b3 Bd6 5. Nf3 Nc6 6. Nbd2 e5 7. dxe5 Nxe5 8.
Bb2 Nxd3+ 9. cxd3 Bg4 10. Rc1 O-O 11. O-O h6 12. Qc2 Bxf3 13. Nxf3 c6 14. e4
dxe4 15. dxe4 Ng4 16. Bd4 Qc7 17. g3 Rad8 18. Bxa7 Ba3 19. Rcd1 b6 20. Bxb6
Qxb6 21. h3 Rxd1 22. Qxd1 Rd8 23. Qc2 Nf6 24. Ne5 c5 25. Qc4 Rf8 26. Rb1 Qb7
27. Re1 Bb4 28. Re2 Rd8 29. Qc2 Re8 30. Nc4 Nxe4 31. Kg2 Nc3+ 32. Re4 Rxe4 33.
Nd6 Qd5 34. Nxe4 Nxe4 35. Qc4 Qxc4 36. bxc4 Nc3 37. Kf1 Nxa2 38. Ke2 Nc1+ 39.
Kd1 Nd3 40. Ke2 Ne5 41. Ke3 Nxc4+ 42. Kd3 Ne5+ 43. Ke2 c4 44. Kd1 Nd3 45. f4 c3
46. Kc2 Nf2 47. h4 Kh7 48. Kb3 Nd3 49. Kc2 Nc5 50. Kb1 Ne4 51. g4 g5 52. hxg5
hxg5 53. fxg5 Nxg5 54. Kc2 Ne4 55. Kb1 Kh6 56. Kc1 Kg5 57. Kd1 Kxg4 58. Kc2 f5
59. Kd1 Kf3 60. Kc2 Ke2 61. Kc1 f4 62. Kc2 f3 63. Kc1 f2 64. Kc2 f1=Q 65. Kb3
Qb1+ 66. Kc4 c2 67. Kd5 c1=R 68. Ke5 Qb3 69. Kd4 Qc3+ 70. Kd5 Rd1+ 71. Ke6 Qc5
72. Kf7 Qc6 73. Kg7 Rd7+ 74. Kg8 Qc8# 0-1

[Event "DVM U14w 2020"]
[Site "Willingen GER"]
[Date "2021.06.25"]
[Round "4"]
[White "Prinzen, Siri Marleen"]
[Black "Becker, Linda"]
[Result "1/2-1/2"]
[Termination "normal"]
[Board "1.1"]
[WhiteElo "1722"]
[BlackElo "1763"]
[WhiteClock "00:39:28"]
[BlackClock "00:59:40"]
[WhiteTeam "Karlsruher SF 1853"]
[BlackTeam "Schachgemeinschaft Porz e. V."]
[PlyCount "42"]
[WhiteFideId "16265912"]
[BlackFideId "16244753"]
[EventCountry "GER"]
[EventRounds "7"]
[EventType "team-swiss"]
[EventDate "2021.06.23"]

1. e4 {[%clk 1:30:56]} 1... e6 {[%clk 1:30:53]} 2. d4 {[%clk 1:31:16]} 2... d5
{[%clk 1:31:13]} 3. Nd2 {[%clk 1:31:39]} 3... c5 {[%clk 1:31:29]} 4. exd5 {
[%clk 1:31:43]} 4... exd5 {[%clk 1:31:42]} 5. Ngf3 {[%clk 1:31:46]} 5... Bd6 {
[%clk 1:31:08]} 6. dxc5 {[%clk 1:28:32]} 6... Bxc5 {[%clk 1:31:25]} 7. Nb3 {
[%clk 1:27:27]} 7... Be7 {[%clk 1:31:19]} 8. Bb5+ {[%clk 1:24:06]} 8... Nc6 {
[%clk 1:30:32]} 9. O-O {[%clk 1:20:40]} 9... Nf6 {[%clk 1:29:33]} 10. Nbd4 {
[%clk 1:18:16]} 10... Bd7 {[%clk 1:28:24]} 11. h3 {[%clk 1:15:12]} 11... O-O {
[%clk 1:26:53]} 12. Be3 {[%clk 1:14:20]} 12... Qc7 {[%clk 1:26:07]} 13. c3 {
[%clk 1:12:03]} 13... Rfe8 {[%clk 1:23:42]} 14. Rc1 {[%clk 1:07:23]} 14... a6 {
[%clk 1:21:58]} 15. Bd3 {[%clk 1:06:22]} 15... Rad8 {[%clk 1:17:43]} 16. Qc2 {
[%clk 1:04:41]} 16... h6 {[%clk 1:16:33]} 17. Rfe1 {[%clk 0:57:07]} 17... Na5 {
[%clk 1:12:33]} 18. Nf5 {[%clk 0:51:02]} 18... Bxf5 {[%clk 1:08:01]} 19. Bxf5 {
[%clk 0:51:26]} 19... Nc4 {[%clk 1:06:51]} 20. Bd4 {[%clk 0:45:51]} 20... Qa5 {
[%clk 1:01:35]} 21. b3 {[%clk 0:39:28]} 21... Nd6 {[%clk 0:59:40]} 1/2-1/2

[Event "DVM U14w 2020"]
[Site "Willingen GER"]
[Date "2021.06.25"]
[Round "4"]
[White "Ramien, Hannah"]
[Black "Fischer, Darja"]
[Result "0-1"]
[Termination "normal"]
[Board "1.2"]
[WhiteElo "1396"]
[BlackElo "1559"]
[WhiteClock "00:15:35"]
[BlackClock "00:28:51"]
[WhiteTeam "Schachgemeinschaft Porz e. V."]
[BlackTeam "Karlsruher SF 1853"]
[PlyCount "86"]
[WhiteFideId "16209982"]
[BlackFideId "16240898"]
[EventCountry "GER"]
[EventRounds "7"]
[EventType "team-swiss"]
[EventDate "2021.06.23"]

1. e4 {[%clk 1:30:59]} 1... c6 {[%clk 1:30:57]} 2. Nc3 {[%clk 1:31:24]} 2... d5
{[%clk 1:31:09]} 3. Nf3 {[%clk 1:31:49]} 3... Nf6 {[%clk 1:30:12]} 4. e5 {
[%clk 1:28:18]} 4... Ne4 {[%clk 1:30:26]} 5. d4 {[%clk 1:27:13]} 5... Bg4 {
[%clk 1:26:52]} 6. Bd3 {[%clk 1:24:23]} 6... Nxc3 {[%clk 1:24:39]} 7. bxc3 {
[%clk 1:21:36]} 7... e6 {[%clk 1:23:05]} 8. O-O {[%clk 1:20:11]} 8... Be7 {
[%clk 1:22:45]} 9. Bd2 {[%clk 1:18:57]} 9... O-O {[%clk 1:20:43]} 10. Qe2 {
[%clk 1:17:58]} 10... c5 {[%clk 1:18:58]} 11. Qe3 {[%clk 1:13:53]} 11... Nc6 {
[%clk 1:15:17]} 12. Be2 {[%clk 1:06:56]} 12... h6 {[%clk 1:12:52]} 13. h3 {
[%clk 1:02:39]} 13... Bh5 {[%clk 1:11:30]} 14. Rab1 {[%clk 1:01:02]} 14... Qc7
{[%clk 1:09:20]} 15. dxc5 {[%clk 0:55:02]} 15... Bxf3 {[%clk 1:05:44]} 16. Bxf3
{[%clk 0:53:42]} 16... Nxe5 {[%clk 1:05:25]} 17. Rfe1 {[%clk 0:47:55]} 17...
Nc4 {[%clk 1:01:10]} 18. Qe2 {[%clk 0:43:24]} 18... Nxd2 {[%clk 1:00:22]} 19.
Qxd2 {[%clk 0:43:43]} 19... Rab8 {[%clk 0:59:46]} 20. c4 {[%clk 0:42:32]} 20...
dxc4 {[%clk 0:57:43]} 21. Qd4 {[%clk 0:39:50]} 21... Bxc5 {[%clk 0:55:09]} 22.
Qe4 {[%clk 0:38:43]} 22... b5 {[%clk 0:52:21]} 23. c3 {[%clk 0:28:17]} 23...
Rfd8 {[%clk 0:50:12]} 24. Red1 {[%clk 0:26:22]} 24... Rxd1+ 25. Rxd1 25... Be7
{[%clk 0:48:58]} 26. Qc6 {[%clk 0:21:01]} 26... Qxc6 {[%clk 0:45:51]} 27. Bxc6
{[%clk 0:20:32]} 27... Bf6 {[%clk 0:41:32]} 28. Rc1 {[%clk 0:19:49]} 28... Rb6
{[%clk 0:41:25]} 29. Bf3 {[%clk 0:19:57]} 29... Ra6 {[%clk 0:41:29]} 30. Rc2 {
[%clk 0:20:05]} 30... Ra3 {[%clk 0:39:44]} 31. Bc6 {[%clk 0:19:39]} 31... a6 {
[%clk 0:39:58]} 32. Bb7 {[%clk 0:19:58]} 32... Bxc3 {[%clk 0:39:01]} 33. Kf1 {
[%clk 0:20:03]} 33... Kf8 {[%clk 0:37:46]} 34. Ke2 34... Ke7 {[%clk 0:37:37]}
35. Ke3 {[%clk 0:19:37]} 35... Kd6 36. Bf3 {[%clk 0:19:00]} 36... Kc5 { [%clk
0:36:46]} 37. Ke2 {[%clk 0:17:39]} 37... Bd4 {[%clk 0:35:58]} 38. Kd1 { [%clk
0:17:39]} 38... Kb4 {[%clk 0:32:41]} 39. Ke2 {[%clk 0:15:47]} 39... Rc3 { [%clk
0:30:20]} 40. Kd1 {[%clk 0:15:17]} 40... Rxc2 {[%clk 0:29:44]} 41. Kxc2 { [%clk
0:15:32]} 41... Bxf2 {[%clk 0:30:09]} 42. Kb2 {[%clk 0:15:35]} 42... e5 { [%clk
0:28:51]} 43. Be4 g6 0-1

[Event "DVM U14w 2020"]
[Site "Willingen GER"]
[Date "2021.06.25"]
[Round "4"]
[White "Schulz, Hannah"]
[Black "Sinner, Joselyne"]
[Result "1/2-1/2"]
[Termination "normal"]
[Board "1.3"]
[WhiteElo "1539"]
[BlackElo "1409"]
[WhiteClock "00:58:24"]
[BlackClock "00:23:30"]
[WhiteTeam "Karlsruher SF 1853"]
[BlackTeam "Schachgemeinschaft Porz e. V."]
[PlyCount "44"]
[WhiteFideId "16244745"]
[BlackFideId "16210387"]
[EventCountry "GER"]
[EventRounds "7"]
[EventType "team-swiss"]
[EventDate "2021.06.23"]

1. e4 {[%clk 1:30:56]} 1... e5 {[%clk 1:30:56]} 2. Nf3 {[%clk 1:31:22]} 2...
Nc6 {[%clk 1:31:23]} 3. Bc4 {[%clk 1:31:49]} 3... Bc5 {[%clk 1:31:48]} 4. c3 {
[%clk 1:31:24]} 4... Nf6 {[%clk 1:31:37]} 5. d3 {[%clk 1:31:39]} 5... d6 {
[%clk 1:30:27]} 6. O-O {[%clk 1:31:48]} 6... h6 {[%clk 1:29:42]} 7. Nbd2 {
[%clk 1:31:53]} 7... a6 {[%clk 1:26:55]} 8. a4 {[%clk 1:31:52]} 8... O-O {
[%clk 1:26:01]} 9. Re1 {[%clk 1:31:31]} 9... Ba7 {[%clk 1:22:35]} 10. Nf1 {
[%clk 1:30:15]} 10... Ne7 {[%clk 1:21:30]} 11. Ng3 {[%clk 1:30:20]} 11... Ng6 {
[%clk 1:20:07]} 12. Be3 {[%clk 1:28:31]} 12... Be6 {[%clk 1:08:52]} 13. Bb3 {
[%clk 1:22:22]} 13... Re8 {[%clk 1:01:54]} 14. Bxa7 {[%clk 1:19:58]} 14... Rxa7
{[%clk 1:01:29]} 15. d4 {[%clk 1:19:05]} 15... Bxb3 {[%clk 0:44:22]} 16. Qxb3 {
[%clk 1:19:15]} 16... Nf4 {[%clk 0:42:50]} 17. Rad1 {[%clk 1:15:32]} 17... Qe7
{[%clk 0:34:11]} 18. Nf5 {[%clk 1:08:56]} 18... Qe6 {[%clk 0:32:20]} 19. d5 {
[%clk 1:07:43]} 19... Qd7 {[%clk 0:31:17]} 20. Ng3 {[%clk 1:01:56]} 20... a5 {
[%clk 0:26:22]} 21. c4 {[%clk 0:59:06]} 21... b6 {[%clk 0:25:51]} 22. Qb5 {
[%clk 0:58:24]} 22... Raa8 {[%clk 0:23:30]} 1/2-1/2

[Event "DVM U14w 2020"]
[Site "Willingen GER"]
[Date "2021.06.25"]
[Round "4"]
[White "Siegel, Irene"]
[Black "Haug, Mara"]
[Result "1-0"]
[Termination "normal"]
[Board "1.4"]
[WhiteElo "1212"]
[BlackElo "1379"]
[WhiteClock "00:40:42"]
[BlackClock "00:04:36"]
[WhiteTeam "Schachgemeinschaft Porz e. V."]
[BlackTeam "Karlsruher SF 1853"]
[PlyCount "86"]
[WhiteFideId "16284380"]
[BlackFideId "16259300"]
[EventCountry "GER"]
[EventRounds "7"]
[EventType "team-swiss"]
[EventDate "2021.06.23"]

1. e4 {[%clk 1:30:58]} 1... c5 {[%clk 1:30:26]} 2. Nf3 {[%clk 1:31:19]} 2...
Nc6 {[%clk 1:30:15]} 3. d4 {[%clk 1:31:27]} 3... cxd4 {[%clk 1:30:37]} 4. Nxd4
{[%clk 1:31:48]} 4... g6 {[%clk 1:31:01]} 5. c4 {[%clk 1:31:47]} 5... Bg7 {
[%clk 1:31:18]} 6. Be3 {[%clk 1:32:09]} 6... Nf6 {[%clk 1:31:21]} 7. Nc3 {
[%clk 1:32:19]} 7... d6 {[%clk 1:31:38]} 8. Be2 {[%clk 1:31:59]} 8... Bd7 {
[%clk 1:30:20]} 9. O-O {[%clk 1:30:26]} 9... O-O {[%clk 1:30:21]} 10. f3 {
[%clk 1:28:47]} 10... Rc8 {[%clk 1:28:34]} 11. Qd2 {[%clk 1:28:28]} 11... Re8 {
[%clk 1:26:29]} 12. Rfd1 {[%clk 1:25:37]} 12... Ne5 {[%clk 1:18:37]} 13. b3 {
[%clk 1:23:13]} 13... Nc6 {[%clk 1:16:47]} 14. Rac1 {[%clk 1:21:31]} 14... a6 {
[%clk 1:06:36]} 15. Nc2 {[%clk 1:12:05]} 15... Qa5 {[%clk 1:03:09]} 16. a3 {
[%clk 1:08:03]} 16... Nh5 {[%clk 1:00:21]} 17. b4 {[%clk 1:06:55]} 17... Qe5 {
[%clk 0:43:49]} 18. Nd5 {[%clk 1:04:26]} 18... f5 {[%clk 0:38:57]} 19. Nd4 {
[%clk 0:53:17]} 19... fxe4 {[%clk 0:34:08]} 20. f4 {[%clk 0:53:02]} 20... Nxf4
{[%clk 0:31:11]} 21. Nxf4 {[%clk 0:52:37]} 21... Bh6 {[%clk 0:29:54]} 22. Nd5 {
[%clk 0:47:25]} 22... Nxd4 {[%clk 0:27:25]} 23. Qxd4 {[%clk 0:47:17]} 23...
Qxd4 {[%clk 0:23:44]} 24. Rxd4 {[%clk 0:47:36]} 24... Bg7 {[%clk 0:23:46]} 25.
Rxe4 {[%clk 0:47:31]} 25... Bc6 {[%clk 0:21:06]} 26. Nxe7+ {[%clk 0:46:40]}
26... Kh8 {[%clk 0:20:04]} 27. Nxc8 {[%clk 0:46:47]} 27... Rxe4 {[%clk 0:19:19]
} 28. Kf2 {[%clk 0:45:39]} 28... Re6 {[%clk 0:14:05]} 29. Rd1 {[%clk 0:44:39]}
29... Be5 {[%clk 0:11:58]} 30. Bd4 {[%clk 0:44:32]} 30... Re8 {[%clk 0:09:23]}
31. Nxd6 {[%clk 0:44:01]} 31... Bxd4+ {[%clk 0:08:57]} 32. Rxd4 {[%clk 0:44:17]
} 32... Re6 {[%clk 0:08:07]} 33. b5 {[%clk 0:42:08]} 33... axb5 {[%clk 0:07:31]
} 34. cxb5 {[%clk 0:42:24]} 34... Rf6+ {[%clk 0:07:01]} 35. Kg3 {[%clk 0:42:32]
} 35... Bd7 36. Nxb7 36... Bf5 {[%clk 0:05:56]} 37. Bg4 {[%clk 0:40:50]} 37...
Bc2 {[%clk 0:04:53]} 38. Rd8+ {[%clk 0:40:26]} 38... Kg7 {[%clk 0:05:07]} 39.
Nd6 {[%clk 0:40:23]} 39... h5 {[%clk 0:04:05]} 40. Ne8+ {[%clk 0:40:35]} 40...
Kf7 {[%clk 0:04:07]} 41. Nxf6 {[%clk 0:40:47]} 41... Kxf6 {[%clk 0:04:33]} 42.
Bd1 {[%clk 0:40:56]} 42... Bf5 {[%clk 0:04:32]} 43. b6 {[%clk 0:40:42]} 43...
Kg5 {[%clk 0:04:36]} 1-0

[Event "DVM U14w 2020"]
[Site "Willingen GER"]
[Date "2021.06.25"]
[Round "4"]
[White "Zhou, Lepu Coco"]
[Black "Reich, Elisabeth"]
[Result "1-0"]
[Termination "normal"]
[Board "2.1"]
[WhiteElo "1905"]
[BlackElo "1191"]
[WhiteClock "01:08:46"]
[BlackClock "01:00:39"]
[WhiteTeam "SC Weisse Dame e.V."]
[BlackTeam "ATSV Oberkotzau"]
[PlyCount "57"]
[WhiteFideId "16217136"]
[BlackFideId "16239776"]
[EventCountry "GER"]
[EventRounds "7"]
[EventType "team-swiss"]
[EventDate "2021.06.23"]

1. e4 {[%clk 1:30:56]} 1... c5 {[%clk 1:30:57]} 2. Nf3 {[%clk 1:31:20]} 2...
Nc6 {[%clk 1:31:21]} 3. d4 {[%clk 1:31:43]} 3... cxd4 {[%clk 1:31:45]} 4. Nxd4
{[%clk 1:32:08]} 4... Nf6 {[%clk 1:32:08]} 5. Nc3 {[%clk 1:32:31]} 5... e6 {
[%clk 1:32:29]} 6. Nxc6 {[%clk 1:31:04]} 6... bxc6 {[%clk 1:32:51]} 7. e5 {
[%clk 1:31:07]} 7... Nd5 {[%clk 1:33:07]} 8. Ne4 {[%clk 1:29:48]} 8... Be7 {
[%clk 1:31:09]} 9. c4 {[%clk 1:27:56]} 9... Nc7 {[%clk 1:28:06]} 10. Qg4 {
[%clk 1:22:55]} 10... g6 {[%clk 1:21:22]} 11. Bh6 {[%clk 1:21:29]} 11... Na6 {
[%clk 1:19:31]} 12. O-O-O {[%clk 1:15:54]} 12... Nc5 {[%clk 1:17:18]} 13. Nd6+
{[%clk 1:10:32]} 13... Bxd6 {[%clk 1:17:33]} 14. exd6 {[%clk 1:10:31]} 14...
Qf6 {[%clk 1:13:47]} 15. Be3 {[%clk 1:09:44]} 15... h5 {[%clk 1:12:34]} 16. Qd4
{[%clk 1:09:11]} 16... Qxd4 {[%clk 1:12:17]} 17. Bxd4 {[%clk 1:09:33]} 17...
Ne4 {[%clk 1:12:23]} 18. Bxh8 {[%clk 1:08:53]} 18... Nxf2 {[%clk 1:12:44]} 19.
Bd3 {[%clk 1:09:06]} 19... Ba6 {[%clk 1:11:18]} 20. b3 {[%clk 1:08:24]} 20...
Bb7 {[%clk 1:09:19]} 21. Rhf1 {[%clk 1:08:25]} 21... Nxd1 {[%clk 1:08:26]} 22.
Kxd1 {[%clk 1:08:46]} 22... c5 {[%clk 1:07:19]} 23. Bxg6 {[%clk 1:08:52]} 23...
Kf8 {[%clk 1:05:18]} 24. Bxf7 {[%clk 1:08:37]} 24... Bxg2 {[%clk 1:04:16]} 25.
Rf2 {[%clk 1:08:31]} 25... Bc6 {[%clk 1:03:33]} 26. Bxe6+ {[%clk 1:08:26]}
26... Ke8 {[%clk 1:03:37]} 27. Bg8 {[%clk 1:08:29]} 27... Be4 {[%clk 1:00:42]}
28. Bg7 {[%clk 1:08:33]} 28... Bd5 {[%clk 1:00:39]} 29. Rf8# {[%clk 1:08:46]}
1-0

[Event "DVM U14w 2020"]
[Site "Willingen GER"]
[Date "2021.06.25"]
[Round "4"]
[White "Hergenröder, Cora"]
[Black "Schmidt, Luise"]
[Result "1/2-1/2"]
[Termination "normal"]
[Board "2.2"]
[WhiteElo "1489"]
[BlackElo "1390"]
[WhiteClock "00:19:57"]
[BlackClock "00:03:38"]
[WhiteTeam "ATSV Oberkotzau"]
[BlackTeam "SC Weisse Dame e.V."]
[PlyCount "64"]
[WhiteFideId "34603700"]
[BlackFideId "16294475"]
[EventCountry "GER"]
[EventRounds "7"]
[EventType "team-swiss"]
[EventDate "2021.06.23"]

1. d4 {[%clk 1:30:59]} 1... Nf6 {[%clk 1:30:46]} 2. Nf3 {[%clk 1:31:25]} 2...
g6 {[%clk 1:31:03]} 3. c4 {[%clk 1:31:40]} 3... d6 {[%clk 1:31:01]} 4. h3 {
[%clk 1:31:27]} 4... Bg7 {[%clk 1:31:22]} 5. Bf4 {[%clk 1:31:01]} 5... Nbd7 {
[%clk 1:31:33]} 6. Nc3 {[%clk 1:30:13]} 6... O-O {[%clk 1:31:23]} 7. e3 { [%clk
1:30:21]} 7... b6 {[%clk 1:30:31]} 8. Be2 {[%clk 1:29:55]} 8... Re8 { [%clk
1:28:24]} 9. O-O {[%clk 1:28:37]} 9... Bb7 {[%clk 1:20:14]} 10. Qb3 { [%clk
1:20:23]} 10... e5 {[%clk 1:08:08]} 11. dxe5 {[%clk 1:18:47]} 11... dxe5 {[%clk
1:07:13]} 12. Bh2 {[%clk 1:16:55]} 12... e4 {[%clk 1:01:47]} 13. Nd4 { [%clk
1:09:17]} 13... Nc5 {[%clk 0:55:36]} 14. Qc2 {[%clk 1:07:27]} 14... Ne6 { [%clk
0:54:44]} 15. Rfd1 {[%clk 1:06:37]} 15... Qe7 {[%clk 0:52:35]} 16. Nxe6 { [%clk
1:03:07]} 16... Qxe6 {[%clk 0:52:03]} 17. Nb5 {[%clk 1:02:15]} 17... Rac8
{[%clk 0:38:16]} 18. Nxc7 {[%clk 1:00:56]} 18... Rxc7 {[%clk 0:36:02]} 19. Bxc7
{[%clk 1:00:37]} 19... Qc8 {[%clk 0:35:51]} 20. Bf4 {[%clk 0:59:10]} 20... Bd5
{[%clk 0:28:10]} 21. Rac1 {[%clk 0:56:24]} 21... Be6 {[%clk 0:27:09]} 22. Be5 {
[%clk 0:54:40]} 22... Bd7 {[%clk 0:16:40]} 23. Bxf6 {[%clk 0:54:27]} 23... Bxf6
{[%clk 0:16:53]} 24. Rd6 {[%clk 0:51:04]} 24... Be5 {[%clk 0:15:24]} 25. Rd2 {
[%clk 0:49:48]} 25... Bxh3 {[%clk 0:09:33]} 26. Qa4 {[%clk 0:38:10]} 26... a6 {
[%clk 0:06:14]} 27. Rcc2 {[%clk 0:35:48]} 27... Rf8 {[%clk 0:04:22]} 28. c5 {
[%clk 0:28:34]} 28... Qf5 {[%clk 0:03:10]} 29. g4 {[%clk 0:19:44]} 29... Bxg4 {
[%clk 0:02:54]} 30. Bxg4 {[%clk 0:20:09]} 30... Qxg4+ {[%clk 0:03:19]} 31. Kf1
{[%clk 0:20:08]} 31... Qh3+ {[%clk 0:03:18]} 32. Ke2 {[%clk 0:19:57]} 32...
Qf3+ {[%clk 0:03:38]} 1/2-1/2

[Event "DVM U14w 2020"]
[Site "Willingen GER"]
[Date "2021.06.25"]
[Round "4"]
[White "Schülke, Rosalie"]
[Black "Leuchsenring, Delia"]
[Result "1-0"]
[Termination "normal"]
[Board "2.3"]
[WhiteElo "1407"]
[BlackElo "1051"]
[WhiteClock "00:18:21"]
[BlackClock "00:07:54"]
[WhiteTeam "SC Weisse Dame e.V."]
[BlackTeam "ATSV Oberkotzau"]
[PlyCount "85"]
[WhiteFideId "16287436"]
[BlackFideId "34605304"]
[EventCountry "GER"]
[EventRounds "7"]
[EventType "team-swiss"]
[EventDate "2021.06.23"]

1. e4 {[%clk 1:30:59]} 1... e5 {[%clk 1:30:54]} 2. Nf3 {[%clk 1:31:24]} 2...
Nf6 {[%clk 1:31:18]} 3. Nxe5 {[%clk 1:31:47]} 3... d6 {[%clk 1:31:41]} 4. Nf3 {
[%clk 1:32:04]} 4... Nxe4 {[%clk 1:32:01]} 5. d4 {[%clk 1:32:21]} 5... d5 {
[%clk 1:32:06]} 6. Bd3 {[%clk 1:32:35]} 6... Bf5 {[%clk 1:31:29]} 7. O-O {
[%clk 1:32:45]} 7... Bd6 {[%clk 1:31:12]} 8. Re1 {[%clk 1:31:21]} 8... O-O {
[%clk 1:31:22]} 9. Nc3 {[%clk 1:31:16]} 9... Nxc3 {[%clk 1:30:48]} 10. bxc3 {
[%clk 1:31:37]} 10... Bg6 {[%clk 1:29:17]} 11. Ne5 {[%clk 1:22:28]} 11... Bxe5
{[%clk 1:25:01]} 12. Rxe5 {[%clk 1:22:42]} 12... Nc6 {[%clk 1:20:06]} 13. Re3 {
[%clk 1:21:54]} 13... Ne7 {[%clk 1:13:55]} 14. Ba3 {[%clk 1:15:04]} 14... Re8 {
[%clk 1:11:49]} 15. Rb1 {[%clk 1:07:36]} 15... b6 {[%clk 1:08:57]} 16. Bb5 {
[%clk 1:05:21]} 16... c6 {[%clk 1:03:07]} 17. Bxe7 {[%clk 1:05:18]} 17... Rxe7
{[%clk 1:02:12]} 18. Bxc6 {[%clk 1:02:49]} 18... Rxe3 {[%clk 1:00:26]} 19. fxe3
{[%clk 0:59:39]} 19... Rc8 {[%clk 0:59:08]} 20. Ba4 {[%clk 0:58:20]} 20... Rxc3
{[%clk 0:58:13]} 21. Qe2 {[%clk 0:57:03]} 21... Qe7 {[%clk 0:52:52]} 22. Re1 {
[%clk 0:56:12]} 22... Be4 {[%clk 0:49:08]} 23. Qb5 {[%clk 0:51:13]} 23... h6 {
[%clk 0:41:31]} 24. Bb3 {[%clk 0:48:55]} 24... Qg5 {[%clk 0:39:05]} 25. Qe2 {
[%clk 0:45:39]} 25... a6 26. g3 26... b5 {[%clk 0:33:29]} 27. a3 { [%clk
0:40:48]} 27... Qf5 {[%clk 0:31:05]} 28. Rf1 {[%clk 0:39:44]} 28... Qc8 { [%clk
0:29:29]} 29. Rf2 {[%clk 0:31:59]} 29... Qe6 {[%clk 0:25:40]} 30. Qd2 { [%clk
0:29:45]} 30... Rc6 {[%clk 0:22:30]} 31. a4 {[%clk 0:24:49]} 31... Qg6 { [%clk
0:18:29]} 32. axb5 {[%clk 0:24:40]} 32... axb5 {[%clk 0:18:25]} 33. Qa5 { [%clk
0:23:02]} 33... Bxc2 {[%clk 0:11:11]} 34. Bxd5 {[%clk 0:19:21]} 34... Rc8
{[%clk 0:10:22]} 35. Bxf7+ {[%clk 0:19:10]} 35... Qxf7 {[%clk 0:10:30]} 36.
Rxf7 {[%clk 0:19:28]} 36... Kxf7 {[%clk 0:10:50]} 37. Qxb5 {[%clk 0:19:41]}
37... Rc3 {[%clk 0:10:06]} 38. Qd7+ {[%clk 0:19:20]} 38... Kf6 {[%clk 0:10:10]}
39. d5 {[%clk 0:16:59]} 39... Rxe3 {[%clk 0:09:01]} 40. Qc6+ {[%clk 0:17:28]}
40... Kf5 {[%clk 0:08:51]} 41. Qxc2+ {[%clk 0:17:48]} 41... Ke5 {[%clk 0:08:41]
} 42. d6 {[%clk 0:17:57]} 42... Kxd6 {[%clk 0:07:54]} 43. Qd2+ {[%clk 0:18:21]}
1-0